| 000 | 00919 a2200265 4500 | ||
|---|---|---|---|
| 003 | OSt | ||
| 005 | 20180116192343.0 | ||
| 008 | 120530t xxu||||| |||| 00| 0 eng d | ||
| 010 | _a 77078586 | ||
| 020 | _a0486235424 : | ||
| 020 | _a9780486235424 | ||
| 040 | _c0 | ||
| 082 | 0 | 0 | _a701.17 |
| 100 | 1 |
_aGhyka, Matila Costiescu, _92725 |
|
| 245 | 1 | 4 |
_aThe geometry of art and life / _cMatila Ghyka. |
| 260 |
_aNew York : _bDover Publications, _c1977. |
||
| 300 |
_axvii, 174 p. : _bill. ; _c22 cm. |
||
| 500 | _aReprint of the 1946 ed. published by Sheed and Ward, New York; slightly corrected. | ||
| 650 | 0 |
_aProportion. _92726 |
|
| 650 | 0 |
_aProportion (Art) _92727 |
|
| 650 | 0 |
_aAesthetics. _92728 |
|
| 856 | 4 | 2 |
_3Publisher description _uhttp://www.loc.gov/catdir/description/dover033/77078586.html |
| 942 |
_aSADA _cBK _k701.17 GHY 1977 _2ddc |
||
| 999 |
_c352737 _d352737 |
||